| 000 | 00596nam a2200193 i 4500 | ||
|---|---|---|---|
| 001 | 186334 | ||
| 003 | 22453 | ||
| 090 | _a186334 | ||
| 100 | _a20130822d9999 u||y0 y50 zz | ||
| 105 | _a 000yy | ||
| 106 | _ay | ||
| 200 |
_aСучасники _eдокументальні повісті _fВадим Решетилов |
||
| 210 |
_d1976 _aКиїв _cРадянський письменник |
||
| 215 |
_a215 с. __215 |
||
| 246 | 0 | _bдокументальні повісті | |
| 675 | _a821.161.2 | ||
| 700 |
_aРешетилов _bВ. |
||
| 942 |
_2udc _cBOOK _j821.161.2 _z22453 |
||
| 999 |
_c22453 _d22453 |
||